| 000 | 01050nam a22003257a 4500 | ||
|---|---|---|---|
| 001 | 00721 | ||
| 003 | DO-SdBNP | ||
| 005 | 20171113115238.0 | ||
| 007 | 00721 | ||
| 008 | 160411b2002 mx spa d | ||
| 020 | _a9681908511 | ||
| 040 |
_aBPMSU _bspa _cBPMSU |
||
| 082 | 4 |
_a809 _bR278i |
|
| 245 | 0 | 3 |
_aLa razón, el ingenio y la sutileza : _bantología de literatura renacentista / _cselección, introducción y notas de Gloria Prado ; Dante Alighieri ... [et al.]. |
| 260 |
_aMéxico : _bAlfaguara, _c2001 |
||
| 300 |
_a192 p. ; _c 22 cm. |
||
| 500 | _aIncluye referencias bibliografícas y notas al pie de las páginas | ||
| 650 |
_aLITERATURA RENACENTISTA _vCOLECCIONES |
||
| 650 | _aPOESÍA RENACENTISTA | ||
| 700 | 1 | _aPrado, Gloria | |
| 700 | 1 |
_aDante Alighieri, _d1265-1321 . |
|
| 740 | _aEl decamerón | ||
| 740 | _aLa Celestina | ||
| 740 | _aLa divina comedia | ||
| 740 | _aCuentos de Canterbury | ||
| 942 |
_2ddc _cBK |
||
| 945 | _aInventariado, 2017/MFF | ||
| 956 | _aBTAVÁREZ | ||
| 956 |
_aVMATEO _b10 _c20160929 _dBPMSU _f0069 |
||
| 999 |
_c10678 _d10678 |
||